| 000 | 00972nam a2200289Ia 4500 | ||
|---|---|---|---|
| 001 | Para_5632 | ||
| 003 | CHAP | ||
| 008 | 220125s2001 xx 000 0 und d | ||
| 010 | _a204043 | ||
| 040 | _cCHAP | ||
| 090 | _aPA TESIS 1592 | ||
| 100 |
_aGarcía Girón, Yolanda _946057 |
||
| 245 |
_aRevisión bibliográfica de insectos parasitoides de la familia Ichneumonidae (Himrnoptera : _b ichneumonoidea) / _c por Yolanda García Girón |
||
| 260 |
_aChapingo, Méx. : _b el autor |
||
| 300 | _a55 h. | ||
| 502 | _aTesis (Ing. Agr. Esp. en Parasitología Agrícola) -- UACh. Departamento Parasitología Agrícola | ||
| 650 |
_aIchneumonidae _957270 |
||
| 650 |
_aInsectos _x identificación _958929 |
||
| 710 |
_aUACh. Departamento Parasitología Agrícola _9164025 |
||
| 901 | _aPA TESIS 1592 | ||
| 902 | _aA | ||
| 905 | _a0000002001 a 0000000000 00 | ||
| 910 | _a2001 | ||
| 942 | _cPARA | ||
| 942 |
_cPARA _d1 |
||
| 999 |
_c204043 _d204043 |
||